| 000 | 00668cam a22002411 4500 | ||
|---|---|---|---|
| 001 | sd 41000095 | ||
| 003 | DLC | ||
| 005 | 20260227112734.0 | ||
| 008 | 771117s1940 nyuabc b 000 0 eng c | ||
| 010 | _asd 41000095 | ||
| 035 | _a(OCoLC)3427394 | ||
| 040 |
_aU.S. Dept. of state. Libr. _cOOxM _dOOxM _dDLC |
||
| 042 | _apremarc | ||
| 050 | 0 | 0 |
_aDT624 _b.A5 |
| 110 | 1 | _aLiberia. | |
| 245 | 1 | 0 | _aHandbook of Liberia. |
| 260 |
_a[New York, _bMinden Press, Inc.] _c1940. |
||
| 300 |
_a61, [3] p. _billus., port., map, tables. _c20 cm. |
||
| 500 | _aCover title. | ||
| 504 | _aBibliography: p. [64] | ||
| 651 | 0 | _aLiberia. | |
| 651 | 0 |
_aLiberia _xEconomic conditions. |
|
| 999 |
_c89883 _d89883 |
||